| 000 | 00456nam a2200169Ia 4500 | ||
|---|---|---|---|
| 008 | 260429s9999 xx 000 0 und d | ||
| 020 | _a978-1-305-63519-7 | ||
| 082 | _a621.3822 SCH | ||
| 100 | _aSchilling, Robert J. | ||
| 245 | 0 | _aDigital Signal Processing: using matlab | |
| 250 | _a3rd ed. | ||
| 260 |
_aUK: _bCengage Learning _c2007 |
||
| 300 | _a795p. | ||
| 600 | _aDigital Signal Processing | ||
| 650 | _aElectrical Engineering | ||
| 942 | _cBBD | ||
| 999 |
_c33651 _d33651 |
||